| 000 | 01295nam a2200325 a 4500 | ||
|---|---|---|---|
| 001 | BRL_8 | ||
| 005 | 20190320210541.0 | ||
| 008 | 900205s1990 u--a#####b---#000-0#eng-# | ||
| 020 | _a1555660649 | ||
| 040 |
_aDLC _cDLC _dDLC |
||
| 041 | _aeng | ||
| 044 | _au | ||
| 050 | 4 |
_aE99.N3 _b.H43 1990 |
|
| 100 | 1 |
_aHedlund, Ann Lane, _d1952- _922631 |
|
| 245 | 1 | 0 |
_aBeyond the Loom _bkeys to understanding early Southwestern weaving _cAnn Lane Hedlund ; with an introduction and observations by Joe Ben Wheat ; Teresa Wilkins and Diana Leonard, editors. |
| 260 |
_aEstados Unidos _bJohnson Books _cc1990 |
||
| 300 |
_axiii, 98 p. _bil. (algunas a color) _c23 cm. |
||
| 500 | _aIncluye dedicatoria para la Dra. Lechuga por parte de Gerardo Stilwell, 7 Septiembre, 1995 | ||
| 500 | _aAu29 | ||
| 504 | _aIncluye referencias bibliográficas | ||
| 610 | 2 | 4 |
_aUniversidad de Colorado (System) _bMuseo _vCatálogos _922632 |
| 650 | 1 | 4 |
_aNavajos _vCatálogos _xIndustria y fabricación de textiles _922633 |
| 650 | 1 | 4 |
_aPueblo indígena _vCatálogos _xIndustria y fabricación de textiles _922634 |
| 650 | 1 | 4 |
_aTejeduría _vCatálogos _zSuroeste _922635 |
| 700 | 1 |
_aWilkins, Teresa _eed. _922636 |
|
| 700 | 1 |
_aLeonard, Diana _eed. _922637 |
|
| 700 | 1 |
_aWheat, Joe Ben _922638 |
|
| 902 | _aGRL | ||
| 942 |
_2lcc _cB |
||
| 999 |
_c8821 _d8821 |
||